Politökonomische Probleme der materiel-technischen Basis des Sozialismus und des Kapitalismus

Salvato in:
Dettagli Bibliografici
Natura: Libro
Lingua:tedesco
Pubblicazione: Berlin Hochschule für Ökonomie "Bruno Leuschner" 1986
Edizione:1. Aufl.
Tags: Aggiungi Tag
Nessun Tag, puoi essere il primo ad aggiungerne!!

MARC

LEADER 00000nam a2200000 4500
001 c027113
005 20240417113327.2
041 0 |a ger 
044 |a DE 
245 1 0 |a Politökonomische Probleme der materiel-technischen Basis des Sozialismus und des Kapitalismus 
250 |a 1. Aufl. 
264 1 |a Berlin  |b Hochschule für Ökonomie "Bruno Leuschner"  |c 1986 
300 |a 180 s.